00789cam a22002293a 45000010005000000030006000050050017000110080041000280400015000690420007000840500007000911000054000982450135001522600029002875060030003165160020003466530046003666530034004126530044004468300028004908560041005183867PGUSA20140828083039.0041203s2004||||xxu|||||s|||||000 | eng d aPGUSAbeng adc 4aDC1 aSaint-Simon, Louis de Rouvroy, duc de,d1675-175510aMemoirs of Louis XIV and His Court and of the Regency — Volume 08h[electronic resource] /cLouis de Rouvroy, duc de Saint-Simon bProject Gutenberg,c2004 aPublic domain in the USA. aElectronic text aFrance -- History -- Louis XIV, 1643-1715 aFrance -- Court and courtiers aFrance -- History -- Regency, 1715-1723 0aProject Gutenbergv386740uhttp://www.gutenberg.org/ebooks/3867